Effects of Asset Restructuring on Profitability of Financially Distressed Commercial Banks in Kenya (Record no. 18693)
[ view plain ]
| 000 -LEADER | |
|---|---|
| fixed length control field | 00370nam a22001097a 4500 |
| 008 - FIXED-LENGTH DATA ELEMENTS--GENERAL INFORMATION | |
| fixed length control field | 210115b xxu||||| |||| 00| 0 eng d |
| 050 ## - LIBRARY OF CONGRESS CALL NUMBER | |
| Classification number | GMB |
| Item number | .M37 2018 c.1 |
| 100 ## - MAIN ENTRY--PERSONAL NAME | |
| Personal name | Maroro, Rose Kemunto |
| 245 ## - TITLE STATEMENT | |
| Title | Effects of Asset Restructuring on Profitability of Financially Distressed Commercial Banks in Kenya |
| Statement of responsibility, etc. | Roe Kemunto Maroro |
| 300 ## - PHYSICAL DESCRIPTION | |
| Extent | xiii, 59 l. |
| 942 ## - ADDED ENTRY ELEMENTS (KOHA) | |
| Source of classification or shelving scheme | Library of Congress Classification |
| Koha item type | General Collection |
| Withdrawn status | Lost status | Source of classification or shelving scheme | Not for loan | Home library | Current library | Date acquired | Total Checkouts | Full call number | Barcode | Date last seen | Price effective from | Koha item type |
|---|---|---|---|---|---|---|---|---|---|---|---|---|
| Library of Congress Classification | Kabarak, Main Campus | Kabarak, Main Campus | 15/01/2021 | GMB0090 .M37 2018 c.1 | 029542 | 15/01/2021 | 15/01/2021 | Thesis, Dissertation and Projecs | ||||
| Library of Congress Classification | Kabarak, Main Campus | Kabarak, Main Campus | 21/01/2021 | GMB .M37 2018 c.2 | 029473 | 21/01/2021 | 21/01/2021 | Thesis, Dissertation and Projecs |